| 000 | 00400nem a22001697a 4500 | ||
|---|---|---|---|
| 005 | 20250113154205.0 | ||
| 008 | 190801b xxu||||| |||| 00| 0 spa d | ||
| 041 | _aESP | ||
| 082 | _aMapas | ||
| 245 | _aMapa físico político | ||
| 260 | _aCosta Rica | ||
| 260 | _bLitografía Artex | ||
| 650 | _aCOSTA RICA | ||
| 650 | _aMATERIAL DIDÁCTICO | ||
| 650 | _aMAPA FÍSICO | ||
| 942 |
_cMP _2ddc |
||
| 999 |
_c12188 _d12188 |
||